Statistics for UK Number Ones in 2021

Click here to take the quiz!

General Stats

  • This quiz has been taken 18 times
    (12 since last reset)
  • The average score is 9 of 14

Answer Stats

Artist/sSingle% Correct
Elton John feat. Dua LipaCold Heart (Pnau Remix)
82%
Olivia RodrigoDriver's License
82%
Olivia RodrigoGood 4 U
82%
Lil Nas XMontero (Call Me By Your Name)
82%
LadBaby feat. Ed Sheeran and Elton JohnSausage Rolls for Everyone
82%
Ed SheeranBad Habits
73%
AdeleEasy on Me
64%
Wham!Last Christmas
64%
Ed SheeranShivers
64%
Ed Sheeran feat. Elton JohnMerry Christmas
55%
Little MixSweet Melody
55%
Nathan Evans, 220 Kid and Billen TedWellerman
55%
Tion Wayne feat. Russ Millions, ArrDee, E1 (3x3), ZT (3x3), Bugzy Malone, Buni, Fivio Foreign, DarkooBody (Remix)
45%
LadBabyDon't Stop Me Eatin'
36%

Score Distribution

Percentile by Number Answered

Percent of People with Each Score

Your Score History

You have not taken this quiz since the last reset